[Event "Bremen-ch"]
[Site "Bremen"]
[Date "2019.04.20"]
[Round "9.2"]
[White "Elmali, Timur"]
[Black "Stieglitz, Dirk"]
[Result "1/2-1/2"]
[WhiteElo "2102"]
[BlackElo "2022"]
[PlyCount "43"]
[EventDate "2019.04.13"]
[EventType "swiss"]
[EventRounds "9"]
[EventCountry "GER"]
[SourceTitle "EXT 2020"]
[Source "ChessBase"]
[SourceDate "2019.10.17"]
[SourceVersion "1"]
[SourceVersionDate "2019.10.17"]
[SourceQuality "1"]

1. d4 d5 2. Nf3 Nf6 3. Bf4 c6 4. e3 Bf5 5. Bd3 e6 6. Bxf5 exf5 7. 0-0 Be7 8. Nbd2 0-0 9. h3 Nbd7 10. c4 dxc4 11. Nxc4 Ne4 12. Qb3 Nb6 13. Na5 Qc8 14. Rfd1 Bd6 15. Ne5 Bxe5 16. Bxe5 Qd7 17. Rac1 Rfe8 18. f3 Ng5 19. Re1 Kh8 20. a4 f6 21. Bg3 Ne6 22. Nc4 1/2-1/2

[Event "Bremen-ch"]
[Site "Bremen"]
[Date "2019.04.19"]
[Round "8.3"]
[White "Stieglitz, Dirk"]
[Black "Erofeev, Anastasia"]
[Result "1/2-1/2"]
[WhiteElo "2022"]
[BlackElo "1999"]
[PlyCount "77"]
[EventDate "2019.04.13"]
[EventType "swiss"]
[EventRounds "9"]
[EventCountry "GER"]
[SourceTitle "EXT 2020"]
[Source "ChessBase"]
[SourceDate "2019.10.17"]
[SourceVersion "1"]
[SourceVersionDate "2019.10.17"]
[SourceQuality "1"]

1. d4 d5 2. Bf4 Nf6 3. e3 e6 4. Bd3 Bd6 5. c3 Bxf4 6. exf4 c5 7. Nf3 cxd4 8. Nxd4 Nc6 9. Nd2 0-0 10. N2f3 Qc7 11. g3 Bd7 12. 0-0 Rfe8 13. Re1 Rac8 14. Nb5 Qb8 15. Ne5 a6 16. Nd4 g6 17. g4 Qd6 18. Re3 Nxd4 19. cxd4 Rc7 20. Rh3 Qb4 21. g5 Ne4 22. Bxe4 dxe4 23. Qg4 e3 24. fxe3 Qxb2 25. Rf1 Rc1 26. Nxd7 Rxf1+ 27. Kxf1 Qb5+ 28. Kg2 Qxd7 29. Qh4 f5 30. gxf6 Rf8 31. Qg5 Qc6+ 32. Kf2 Qc2+ 33. Kg3 Qxa2 34. Rh6 Qb1 35. Qe5 Qg1+ 36. Kh3 Qf1+ 37. Kg3 Qg1+ 38. Kh3 Qf1+ 39. Kg3 1/2-1/2

[Event "Bremen-ch"]
[Site "Bremen"]
[Date "2019.04.14"]
[Round "2.6"]
[White "Klemm, Robert"]
[Black "Stieglitz, Dirk"]
[Result "0-1"]
[WhiteElo "1688"]
[BlackElo "2022"]
[PlyCount "34"]
[EventDate "2019.04.13"]
[EventType "swiss"]
[EventRounds "9"]
[EventCountry "GER"]
[SourceTitle "EXT 2020"]
[Source "ChessBase"]
[SourceDate "2019.10.17"]
[SourceVersion "1"]
[SourceVersionDate "2019.10.17"]
[SourceQuality "1"]

1. e4 Nf6 2. d3 d5 3. Nd2 e5 4. Ngf3 Bc5 5. Be2 Nc6 6. c3 a5 7. 0-0 0-0 8. Nxe5 Nxe5 9. d4 Nxe4 10. Nxe4 dxe4 11. dxc5 Qh4 12. g3 Qh3 13. Qd5 Qf5 14. Rd1 c6 15. Qd4 Nf3+ 16. Bxf3 exf3 17. Qf4 Qh3 0-1

[Event "Bremen-ch"]
[Site "Bremen"]
[Date "2019.04.13"]
[Round "1.6"]
[White "Stieglitz, Dirk"]
[Black "Bakiyev, Diyar"]
[Result "1-0"]
[WhiteElo "2022"]
[BlackElo "1491"]
[PlyCount "33"]
[EventDate "2019.04.13"]
[EventType "swiss"]
[EventRounds "9"]
[EventCountry "GER"]
[SourceTitle "EXT 2020"]
[Source "ChessBase"]
[SourceDate "2019.10.17"]
[SourceVersion "1"]
[SourceVersionDate "2019.10.17"]
[SourceQuality "1"]

1. c4 e5 2. g3 d5 3. cxd5 Qxd5 4. Nf3 e4 5. Nc3 Qc6 6. e3 a6 7. Nd4 Qg6 8. Qc2 Nf6 9. Bg2 c5 10. Nde2 Be7 11. Nf4 Qf5 12. Bh3 Ng4 13. Qxe4 Qd7 14. Nfd5 f5 15. Bxg4 fxg4 16. Nb6 Qd6 17. Nxc8 1-0

[Event "Bremen Silvester op"]
[Site "Bremen"]
[Date "2017.12.29"]
[Round "5"]
[White "Pahl, Theis"]
[Black "Stieglitz, Dirk"]
[Result "1/2-1/2"]
[WhiteElo "1923"]
[BlackElo "2072"]
[PlyCount "47"]
[EventDate "2017.12.27"]
[EventType "swiss"]
[EventRounds "7"]
[EventCountry "GER"]
[SourceTitle "CBM 182 Extra"]
[Source "ChessBase"]
[SourceDate "2018.02.23"]
[SourceVersion "1"]
[SourceVersionDate "2018.02.23"]
[SourceQuality "1"]

1. e4 Nf6 2. Nc3 d5 3. e5 Nfd7 4. d4 c5 5. f4 cxd4 6. Nb5 Nc6 7. Nf3 e6 8. Nbxd4 Bc5 9. c3 a6 10. Be3 0-0 11. Bd3 g6 12. Qc2 Bxd4 13. Bxd4 Qe7 14. h4 f5 15. 0-0-0 Nc5 16. h5 Nxd4 17. cxd4 Ne4 18. hxg6 hxg6 19. Rh3 Bd7 20. Qe2 Kg7 21. Bxe4 fxe4 22. Ng5 Rac8+ 23. Kb1 Rh8 24. Rg3 1/2-1/2

[Event "Bremen Silvester op"]
[Site "Bremen"]
[Date "2017.12.27"]
[Round "1"]
[White "Block, Timo"]
[Black "Stieglitz, Dirk"]
[Result "1/2-1/2"]
[WhiteElo "1751"]
[BlackElo "2072"]
[PlyCount "68"]
[EventDate "2017.12.27"]
[EventType "swiss"]
[EventRounds "7"]
[EventCountry "GER"]
[SourceTitle "CBM 182 Extra"]
[Source "ChessBase"]
[SourceDate "2018.02.23"]
[SourceVersion "1"]
[SourceVersionDate "2018.02.23"]
[SourceQuality "1"]

1. e4 Nf6 2. Nc3 d5 3. e5 Nfd7 4. d4 c5 5. Nf3 e6 6. Be3 cxd4 7. Bxd4 Nc6 8. Be2 a6 9. 0-0 Nxd4 10. Qxd4 Qb6 11. Qxb6 Nxb6 12. Bd3 Bd7 13. Rfd1 Rc8 14. Rac1 Be7 15. Ne2 Na4 16. Rb1 f6 17. exf6 Bxf6 18. c3 0-0 19. Rf1 e5 20. Bc2 Bb5 21. Rfe1 Nb6 22. Rbd1 g6 23. Bb3 Rcd8 24. Ng3 Rfe8 25. Nf1 Kf8 26. Ne3 Bc6 27. Ng4 Kg7 28. Ngxe5 a5 29. Nxc6 bxc6 30. a4 Nd7 31. Bc2 Rxe1+ 32. Rxe1 Rb8 33. Rb1 c5 34. Kf1 Ne5 1/2-1/2

[Event "Bremen Silvester op"]
[Site "Bremen"]
[Date "2017.12.27"]
[Round "2"]
[White "Stieglitz, Dirk"]
[Black "Schuette, Marc"]
[Result "0-1"]
[WhiteElo "2072"]
[BlackElo "2132"]
[PlyCount "126"]
[EventDate "2017.12.27"]
[EventType "swiss"]
[EventRounds "7"]
[EventCountry "GER"]
[SourceTitle "CBM 182 Extra"]
[Source "ChessBase"]
[SourceDate "2018.02.23"]
[SourceVersion "1"]
[SourceVersionDate "2018.02.23"]
[SourceQuality "1"]

1. c4 c6 2. Nf3 d5 3. e3 Nf6 4. b3 Bg4 5. Bb2 e6 6. Be2 Nbd7 7. 0-0 Be7 8. Ne5 Bxe2 9. Qxe2 Nxe5 10. Bxe5 0-0 11. d4 Qa5 12. Bxf6 Bxf6 13. Qd2 Qc7 14. cxd5 exd5 15. Nc3 Rad8 16. b4 Be7 17. Rab1 Bd6 18. h3 a6 19. a4 b5 20. Rfc1 Qe7 21. axb5 axb5 22. Ne2 Rc8 23. Rc2 f5 24. Nc1 f4 25. Nd3 f3 26. g3 Qd7 27. Kh2 Rf6 28. Qd1 Rh6 29. Qf1 g5 30. Ne5 Qe6 31. Nxf3 Qf5 32. Ne1 g4 33. h4 Rxh4+ 34. Kg1 Rh3 35. Qg2 h5 36. Rb3 h4 37. e4 dxe4 38. Re3 hxg3 39. fxg3 Bf4 40. Rec3 Bd6 41. Rf2 Qd5 42. Nc2 Ra8 43. Re2 Ra1+ 44. Nxa1 Qxd4+ 45. Rce3 Rxg3 46. Qxg3 Bxg3 47. Nc2 Qd1+ 48. Kg2 Bd6 49. Rxe4 Kh7 50. Kf2 Qd5 51. Re1 Qf5+ 52. Ke3 c5 53. bxc5 Bxc5+ 54. Kd2 g3 55. Re5 Qf4+ 56. Kc3 b4+ 57. Kb3 Qf3+ 58. Kb2 Bf8 59. R1e3 Bg7 60. Rxf3 Bxe5+ 61. Kb3 g2 62. Re3 g1Q 63. Rxe5 Qb1+ 0-1

[Event "Oberliga Nord W 1617"]
[Site "Germany"]
[Date "2017.01.15"]
[Round "4.8"]
[White "Streich, Gerhard"]
[Black "Stieglitz, Dirk"]
[Result "1/2-1/2"]
[WhiteElo "2109"]
[BlackElo "2094"]
[PlyCount "58"]
[EventDate "2016.10.16"]
[EventType "team-tourn"]
[EventRounds "9"]
[EventCountry "GER"]
[SourceTitle "EXT 2018"]
[Source "ChessBase"]
[SourceDate "2017.10.13"]
[SourceVersion "1"]
[SourceVersionDate "2017.10.13"]
[SourceQuality "1"]
[WhiteTeam "Hannover SF"]
[BlackTeam "Bremer SG"]
[WhiteTeamCountry "GER"]
[BlackTeamCountry "GER"]

1. d4 d5 2. c4 c6 3. e3 Nf6 4. Nc3 Bf5 5. Qb3 Qb6 6. c5 Qc7 7. Nf3 h6 8. Ne2 Nbd7 9. Ng3 Bh7 10. Qc3 e5 11. b4 exd4 12. exd4 Be7 13. Be2 0-0 14. 0-0 Ne4 15. Nxe4 dxe4 16. Nd2 f5 17. f3 Kh8 18. Nc4 Nf6 19. Bb2 Nd5 20. Qd2 Bg5 21. Qe1 Rad8 22. fxe4 fxe4 23. Rxf8+ Rxf8 24. Bf1 Qf4 25. g3 Qf3 26. Bg2 Qd3 27. Bf1 Qf3 28. Bg2 Qd3 29. Bf1 Qf3 1/2-1/2

[Event "Bremen-ch op"]
[Site "Bremen"]
[Date "2016.03.24"]
[Round "7"]
[White "Stieglitz, Dirk"]
[Black "Kastens, Elmar"]
[Result "0-1"]
[WhiteElo "2064"]
[BlackElo "1905"]
[PlyCount "170"]
[EventDate "2016.03.19"]
[EventType "swiss"]
[EventRounds "9"]
[EventCountry "GER"]
[SourceTitle "EXT 2018"]
[Source "ChessBase"]
[SourceDate "2017.10.13"]
[SourceVersion "1"]
[SourceVersionDate "2017.10.13"]
[SourceQuality "1"]

1. c4 Nf6 2. Nc3 e5 3. g3 Bb4 4. Bg2 0-0 5. e4 Bxc3 6. bxc3 d6 7. Rb1 Nc6 8. d3 Rb8 9. Ne2 h6 10. h3 Nh7 11. 0-0 f5 12. exf5 Bxf5 13. Kh2 Qd7 14. Ng1 Nd8 15. Rb2 Ne6 16. d4 exd4 17. cxd4 Nf6 18. Re1 c6 19. g4 Bh7 20. f4 Rbe8 21. f5 Nd8 22. Bf4 Kh8 23. c5 dxc5 24. dxc5 Rxe1 25. Qxe1 Bg8 26. Nf3 Re8 27. Qh4 Ne4 28. Re2 Nf7 29. Qe1 Nf6 30. Nh4 Rxe2 31. Ng6+ Kh7 32. Nf8+ Kh8 33. Qxe2 Qd4 34. Ng6+ Kh7 35. Nf8+ Kh8 36. Ne6 Qd7 37. h4 Nd5 38. Bd2 Nd8 39. Nf8 Qc7+ 40. Kh1 Qg3 41. Ng6+ Kh7 42. g5 Bf7 43. gxh6 Nf6 44. Bf4 Qc3 45. hxg7 Bc4 46. Qe7 Nf7 47. Bg5 Ng4 48. g8Q+ Kxg8 49. Qe8+ Kh7 50. Nf8+ Kg7 51. f6+ Nxf6 52. Bxf6+ Qxf6 53. Nd7 Qxh4+ 54. Kg1 Qd8 55. Qxd8 Nxd8 56. a3 Bd5 57. Bh3 Ne6 58. Bxe6 Bxe6 59. Ne5 Kf6 60. Nd3 Kf5 61. Kf2 Ke4 62. Nb2 Kd4 63. Ke2 Bc4+ 64. Kd2 Kxc5 65. Kc3 Bf1 66. Nd1 b5 67. Ne3 Bh3 68. Nc2 a5 69. Ne1 Bf5 70. Nf3 b4+ 71. Kb2 Kc4 72. Ne5+ Kd5 73. Nf3 c5 74. Kb3 Bg4 75. Nd2 Bd1+ 76. Kb2 c4 77. Kc1 Bh5 78. Kc2 Kd4 79. Nf1 b3+ 80. Kb2 a4 81. Ng3 c3+ 82. Ka1 Bg4 83. Nf5+ Kd3 84. Nd6 Bd1 85. Kb1 Bc2+ 0-1

[Event "Bremen-ch op"]
[Site "Bremen"]
[Date "2016.03.22"]
[Round "5"]
[White "Klemm, Robert"]
[Black "Stieglitz, Dirk"]
[Result "0-1"]
[WhiteElo "1852"]
[BlackElo "2064"]
[PlyCount "82"]
[EventDate "2016.03.19"]
[EventType "swiss"]
[EventRounds "9"]
[EventCountry "GER"]
[SourceTitle "EXT 2018"]
[Source "ChessBase"]
[SourceDate "2017.10.13"]
[SourceVersion "1"]
[SourceVersionDate "2017.10.13"]
[SourceQuality "1"]

1. Nf3 d5 2. d4 c6 3. g3 e6 4. Bg2 Bd6 5. 0-0 Nd7 6. c4 f5 7. Nc3 Ngf6 8. b3 0-0 9. Bb2 Ne4 10. Nd2 Nxc3 11. Bxc3 Nf6 12. f3 f4 13. Qe1 g5 14. e3 Nh5 15. g4 fxe3 16. gxh5 exd2 17. Bxd2 Qf6 18. Qf2 Bd7 19. Bh3 Rad8 20. Kh1 h6 21. c5 Bc7 22. Bg4 e5 23. h3 exd4 24. Rad1 b6 25. Bb4 b5 26. Rxd4 Be5 27. Rd3 Bxg4 28. hxg4 Rd7 29. Re1 Rdf7 30. Rf1 Qf4 31. Bd2 Qxg4 32. fxg4 Rxf2 33. Rxf2 Rxf2 34. a4 bxa4 35. bxa4 Re2 36. Re3 Rxe3 37. Bxe3 d4 38. Bc1 Kf7 39. Kg2 Ke6 40. Kf3 Kd5 41. Ba3 Bf6 0-1

[Event "Bremen-ch op"]
[Site "Bremen"]
[Date "2015.03.31"]
[Round "5"]
[White "Stieglitz, Dirk"]
[Black "Webner, Dennis"]
[Result "1-0"]
[WhiteElo "2055"]
[BlackElo "2073"]
[PlyCount "87"]
[EventDate "2015.03.28"]
[EventType "swiss"]
[EventRounds "9"]
[EventCountry "GER"]
[SourceTitle "EXT 2018"]
[Source "ChessBase"]
[SourceDate "2017.10.13"]
[SourceVersion "1"]
[SourceVersionDate "2017.10.13"]
[SourceQuality "1"]

1. d4 e6 2. c4 f5 3. g3 Nf6 4. Bg2 Be7 5. Nf3 d6 6. 0-0 0-0 7. Nc3 Qe8 8. Re1 Qg6 9. e4 Nxe4 10. Nxe4 fxe4 11. Rxe4 Nc6 12. Re2 e5 13. dxe5 Bg4 14. exd6 Bxd6 15. Qd5+ Kh8 16. Nh4 Qf6 17. Bg5 Qd4 18. Qxd4 Nxd4 19. Re4 Nf3+ 20. Nxf3 Bxf3 21. Bxf3 Rxf3 22. Be3 Rf7 23. Rd1 b6 24. Rd5 Kg8 25. Kg2 Kf8 26. b3 Re8 27. Rxe8+ Kxe8 28. c5 Be7 29. a4 Bf6 30. f4 Re7 31. Kf3 Kf7 32. cxb6 cxb6 33. a5 Rc7 34. axb6 axb6 35. Rb5 Rc3 36. Ke4 Rc2 37. h4 Bd8 38. Bxb6 Bxb6 39. Rxb6 Rc3 40. g4 Rg3 41. Rb7+ Kf8 42. Kf5 g6+ 43. Kf6 Rxg4 44. Rb8# 1-0